Statistics for Book Titles Beginning with W

Click here to take the quiz!

General Stats

  • This quiz has been taken 21 times
  • The average score is 9 of 23

Answer Stats

HintAnswer% Correct
Emily BronteWuthering Heights
100%
A.A. MilneWinnie-the-Pooh
85%
Richard AdamsWatership Down
80%
H.G. WellsThe War of the Worlds
75%
Kenneth GrahameThe Wind in the Willows
70%
Henry David ThoreauWalden
65%
William ShakespeareWinter's Tale
50%
Samuel BeckettWaiting for Godot
45%
Madeline L'EngleA Wrinkle in Time
40%
Maurice SendakWhere the Wild Things Are
40%
Zadie SmithWhite Teeth
35%
R.J. PalacioWonder
30%
Bill BrysonA Walk in the Woods
20%
Don DeLilloWhite Noise
20%
Jean RhysWide Sargasso Sea
20%
L. Frank BaumThe Wonderful Wizard of Oz
15%
John IrvingThe World According to Garp
15%
Arthur HaileyWheels
15%
Timothy FindleyThe Wars
10%
John UpdikeThe Witches of Eastwick
10%
Terry McMillanWaiting to Exhale
10%
Delia OwensWhere the Crawdads Sing
10%
Sara GruenWater for Elephants
5%

Score Distribution

Percentile by Number Answered

Percent of People with Each Score

Your Score History

You have not taken this quiz